<?xml version="1.0" encoding="UTF-8"?>
<record
    xmlns:xsi="http://www.w3.org/2001/XMLSchema-instance"
    xsi:schemaLocation="http://www.loc.gov/MARC21/slim http://www.loc.gov/standards/marcxml/schema/MARC21slim.xsd"
    xmlns="http://www.loc.gov/MARC21/slim">

  <leader>00620nam a22001577a 4500</leader>
  <controlfield tag="003">OSt</controlfield>
  <controlfield tag="005">20150916164110.0</controlfield>
  <controlfield tag="008">150916b        xxu||||| |||| 00| 0 eng d</controlfield>
  <datafield tag="040" ind1=" " ind2=" ">
    <subfield code="c">RUA</subfield>
  </datafield>
  <datafield tag="082" ind1=" " ind2=" ">
    <subfield code="a">AGR SUO 1999 BOO25 Or.1</subfield>
  </datafield>
  <datafield tag="100" ind1=" " ind2=" ">
    <subfield code="9">615</subfield>
    <subfield code="a">SUON, SINY</subfield>
  </datafield>
  <datafield tag="245" ind1=" " ind2=" ">
    <subfield code="a">Study on nutrition garden programme of iwad in battambang province,(&#x1780;&#x17B6;&#x179A;&#x179F;&#x17B7;&#x1780;&#x17D2;&#x179F;&#x17B6;&#x1780;&#x1798;&#x17D2;&#x1798;&#x179C;&#x17B7;&#x1792;&#x17B8;&#x179F;&#x17BD;&#x1793;&#x17A2;&#x17B6;&#x17A0;&#x17B6;&#x179A;&#x179A;&#x17BC;&#x1794;&#x178F;&#x17D2;&#x1790;&#x1798;&#x17D2;&#x1797;&#x179A;&#x1794;&#x179F;&#x17CB;&#x17A2;&#x1784;&#x17D2;&#x1782;&#x1780;&#x17B6;&#x179A;&#x17A2;&#x17B6;&#x1799;&#x178A;&#x17B6;&#x1793;&#x17C5;&#x1781;&#x17C1;&#x178F;&#x17D2;&#x178F;&#x1794;&#x17B6;&#x178F;&#x17CB;&#x178A;&#x17C6;&#x1794;&#x1784;).</subfield>
  </datafield>
  <datafield tag="260" ind1=" " ind2=" ">
    <subfield code="a">phnom phen</subfield>
    <subfield code="b">RUA</subfield>
    <subfield code="c">1999</subfield>
  </datafield>
  <datafield tag="300" ind1=" " ind2=" ">
    <subfield code="a">37p.</subfield>
    <subfield code="b">ill.</subfield>
    <subfield code="c">29cm.</subfield>
  </datafield>
  <datafield tag="942" ind1=" " ind2=" ">
    <subfield code="2">ddc</subfield>
    <subfield code="c">AGR</subfield>
  </datafield>
  <datafield tag="999" ind1=" " ind2=" ">
    <subfield code="c">590</subfield>
    <subfield code="d">590</subfield>
  </datafield>
  <datafield tag="952" ind1=" " ind2=" ">
    <subfield code="0">0</subfield>
    <subfield code="1">0</subfield>
    <subfield code="2">ddc</subfield>
    <subfield code="4">0</subfield>
    <subfield code="6">AGR_SUO_1999_000000000000000_BOO25_OR_1</subfield>
    <subfield code="7">0</subfield>
    <subfield code="9">2694</subfield>
    <subfield code="a">LBB</subfield>
    <subfield code="b">LBB</subfield>
    <subfield code="c">B025</subfield>
    <subfield code="d">2015-09-16</subfield>
    <subfield code="l">1</subfield>
    <subfield code="o">AGR SUO 1999 BOO25 Or.1</subfield>
    <subfield code="p">RUA004005</subfield>
    <subfield code="r">2016-07-25</subfield>
    <subfield code="s">2016-07-12</subfield>
    <subfield code="w">2015-09-16</subfield>
    <subfield code="y">AGR</subfield>
  </datafield>
  <datafield tag="952" ind1=" " ind2=" ">
    <subfield code="0">0</subfield>
    <subfield code="1">0</subfield>
    <subfield code="2">ddc</subfield>
    <subfield code="4">0</subfield>
    <subfield code="6">AGR_SUO_1999_000000000000000_BOO25_OR_2</subfield>
    <subfield code="7">0</subfield>
    <subfield code="9">2695</subfield>
    <subfield code="a">LBB</subfield>
    <subfield code="b">LBB</subfield>
    <subfield code="c">B025</subfield>
    <subfield code="d">2015-09-16</subfield>
    <subfield code="o">AGR SUO 1999 BOO25 Or.2</subfield>
    <subfield code="p">RUA004002</subfield>
    <subfield code="r">2015-09-16</subfield>
    <subfield code="w">2015-09-16</subfield>
    <subfield code="y">AGR</subfield>
  </datafield>
  <datafield tag="952" ind1=" " ind2=" ">
    <subfield code="0">0</subfield>
    <subfield code="1">0</subfield>
    <subfield code="2">ddc</subfield>
    <subfield code="4">0</subfield>
    <subfield code="6">AGR_SUO_1999_000000000000000_BOO25_OR_3</subfield>
    <subfield code="7">0</subfield>
    <subfield code="9">2696</subfield>
    <subfield code="a">LBB</subfield>
    <subfield code="b">LBB</subfield>
    <subfield code="c">B025</subfield>
    <subfield code="d">2015-09-16</subfield>
    <subfield code="o">AGR SUO 1999 BOO25 Or.3</subfield>
    <subfield code="p">RUA003221</subfield>
    <subfield code="r">2015-09-16</subfield>
    <subfield code="w">2015-09-16</subfield>
    <subfield code="y">AGR</subfield>
  </datafield>
  <datafield tag="952" ind1=" " ind2=" ">
    <subfield code="0">0</subfield>
    <subfield code="1">0</subfield>
    <subfield code="2">ddc</subfield>
    <subfield code="4">0</subfield>
    <subfield code="6">AGR_SUO_1999_000000000000000_BOO25_OR_4</subfield>
    <subfield code="7">0</subfield>
    <subfield code="9">2697</subfield>
    <subfield code="a">LBB</subfield>
    <subfield code="b">LBB</subfield>
    <subfield code="c">B025</subfield>
    <subfield code="d">2015-09-16</subfield>
    <subfield code="o">AGR SUO 1999 BOO25 Or.4</subfield>
    <subfield code="p">RUA004362</subfield>
    <subfield code="r">2015-09-16</subfield>
    <subfield code="w">2015-09-16</subfield>
    <subfield code="y">AGR</subfield>
  </datafield>
</record>
